Az ikes igék ragozása Petőfi Sándornál
Elmentve itt :
| Szerző: | |
|---|---|
| További közreműködők: | |
| Dokumentumtípus: | Szakdolgozat |
| Megjelent: |
1972
|
| Tárgyszavak: | |
| Online Access: | http://diploma.bibl.u-szeged.hu/45504 |
| LEADER | 00553nta a2200157 i 4500 | ||
|---|---|---|---|
| 001 | dipl45504 | ||
| 005 | 20141210143112.0 | ||
| 008 | 141208s1972 hu om 0|| zxx d | ||
| 040 | |a SZTE Diploma Repozitórium |b hun | ||
| 041 | |a zxx | ||
| 100 | 1 | |a Mészáros Mária | |
| 245 | 1 | 3 | |a Az ikes igék ragozása Petőfi Sándornál |h [elektronikus dokumentum] / |c Mária Mészáros |
| 260 | |c 1972 | ||
| 650 | 4 | |a Bölcsészettudományok | |
| 700 | 1 | |a Velcsov Mártonné |e ths | |
| 856 | 4 | 0 | |u http://diploma.bibl.u-szeged.hu/id/eprint/45504/1/1972_meszaros_maria.pdf |z Dokumentum-elérés |